Statistics for Food to country

Click here to take the quiz!

General Stats

  • This quiz has been taken 70 times
  • The average score is 12 of 15

Answer Stats

HintAnswer% Correct
PizzaItaly
100%
SushiJapan
100%
Dim SumChina
98%
CrepesFrance
98%
HamburgersUSA
97%
PaellaSpain
95%
DaalIndia
88%
EnchiladasMexico
88%
Pad ThaiThailand
88%
CurrywurstGermany
86%
PhoVietnam
84%
KimchiKorea
74%
LamingtonAustralia
59%
Satay ChickenMalaysia
47%
FaloodaIran
36%

Score Distribution

Percentile by Number Answered

Percent of People with Each Score

Your Score History

You have not taken this quiz